[Event "Colonie op"]
[Site "Colonie"]
[Date "2003.02.02"]
[Round "4"]
[White "Backer, Adam"]
[Black "De Bouter, Victor"]
[Result "1-0"]
[WhiteElo "1185"]
[BlackElo "895"]
[PlyCount "69"]
[EventDate "2003.01.31"]
[EventType "swiss"]
[EventRounds "5"]
[EventCountry "USA"]
[SourceTitle "EXT 2008"]
[Source "ChessBase"]
[SourceDate "2007.11.25"]
[SourceVersion "1"]
[SourceVersionDate "2007.11.25"]
[SourceQuality "1"]

1. d4 d5 2. c4 Nf6 3. Nf3 Bf5 4. e3 Nc6 5. Bd3 Bg4 6. h3 Bd7 7. Nc3 Nb4 8. a3 Na6 9. 0-0 Bc6 10. Re1 e6 11. c5 b6 12. Bxa6 bxc5 13. Bb5 Bxb5 14. Nxb5 cxd4 15. Nfxd4 Qd7 16. Qc2 Rc8 17. Qc6 Qxc6 18. Nxc6 Ra8 19. Nxc7+ Kd7 20. Nxa8 Kxc6 21. Bd2 Kb7 22. Rec1 Kxa8 23. Rc8+ Kb7 24. Rac1 Bd6 25. Rxh8 Ne4 26. Rc2 Nxd2 27. Rxd2 g6 28. Rxh7 a5 29. Rc2 Be5 30. f4 Bd6 31. Rxf7+ Kb8 32. Rc6 Bxf4 33. exf4 a4 34. Rxe6 Kc8 35. Re8# 1-0